LEADER 01443nam--2200421---450- 001 990002929840203316 005 20070522162844.0 010 $a88-8467-310-0 035 $a000292984 035 $aUSA01000292984 035 $a(ALEPH)000292984USA01 035 $a000292984 100 $a20070522d2006----km-y0itay50------ba 101 $aita 102 $aIT 105 $aa---||||001yy 200 1 $aQuante lingue per l'Europa?$elaurea honoris causa in Lingue e Letterature Moderne Euroamericane$eCagliari 8 novembre 2005$fHarald Weinrich$gcon una bibliografia ragionata dell'autore a cura di Franca Ortu 210 $aCagliari$cCUEC$d2006 215 $a95 p.$cill.$d24 cm. 300 $aSul retro del frontespizio: Università degli Studi di Cagliari - Dipartimento di Linguistica e Stilistica 410 0$12001 454 1$12001 461 1$1001-------$12001 517 1 $aHarald Weinrich 606 0 $aLinguistica$yEuropa 676 $a415 700 1$aWEINRICH,$bHarald$0132589 702 1$aORTU,$bFranca 712 02$aUniversità degli studi : Dipartimento di linguistica e stilistica 801 0$aIT$bsalbc$gISBD 912 $a990002929840203316 951 $aIV.2. 1873$b195282 L.M.$cIV.2.$d00160058 959 $aBK 969 $aUMA 979 $aRIVELLI$b90$c20070522$lUSA01$h1627 979 $aRIVELLI$b90$c20070522$lUSA01$h1628 996 $aQuante lingue per l'Europa$9727498 997 $aUNISA LEADER 01548nas 2200481-a 450 001 996198043003316 005 20240611175347.0 035 $a(CKB)111022271878014 035 $a(CONSER)--2002229233 035 $a(EXLCZ)99111022271878014 100 $a20020128b20022009 --- - 101 0 $aeng 181 $ctxt$2rdacontent 182 $cc$2rdamedia 183 $acr$2rdacarrier 200 14$aThe green sheet 210 $aBurbage, Leics., UK $cMicrographics Marketing Ltd 215 $a1 online resource 300 $a"Full coverage of the document management industry, in all its forms." 311 $aPrint version: Green sheet (Burbage, Leicestershire, England) (DLC) 2002229233 (OCoLC)48881151 1476-3842 531 $aGREEN SHEET 606 $aMicrographics$vPeriodicals 606 $aMicrophotography$vPeriodicals 606 $aMicroforms$vPeriodicals 606 $aMicroforms$2fast$3(OCoLC)fst01019844 606 $aMicrographics$2fast$3(OCoLC)fst01019868 606 $aMicrophotography$2fast$3(OCoLC)fst01019982 606 $aMicrographics$vPeriodicals$2nli 606 $aMicroforms$vPeriodicals$2nli 608 $aPeriodicals.$2fast 615 0$aMicrographics 615 0$aMicrophotography 615 0$aMicroforms 615 7$aMicroforms. 615 7$aMicrographics. 615 7$aMicrophotography. 615 7$aMicrographics 615 7$aMicroforms 906 $aJOURNAL 912 $a996198043003316 920 $aexl_impl conversion 996 $aThe green sheet$92375307 997 $aUNISA